000 00503nam a22001817a 4500
005 20140421152221.0
010 _aENG-109318
020 _a9789350450475
_c150.00
035 _aEN-92851
037 _bDBAD/PUB
082 _a881
100 _aKashyap,Tapati Baruah
245 _aWinding ways /
_cby Tapati Baruah Kashyap
260 _aKolkata
_bWriters Workshop
_c2013
270 _a162/92 Lake Gardens
_bKolkata
_e700045
300 _a70p.
_c22cm(Hb)
942 _2ddc
_cEN
_mKAS
_h881
999 _c82560
_d82560